000 00504cam a2200205 4500
008 #DATE n1992 000 0 eng u
020 _a0728201720
035 _a(Sirsi) u119386
041 _aeng
050 _a348.41047
110 _aEstates Gazette
_9298
245 _aEstates Gazette law reports : cumulative index 1985-91
260 _aLondon
_bEstates Gazette
_c1992
300 _a74p.
_c30cm.
350 _a0
650 _aCITATORS
650 _aLAW CASES
690 _aLAW
942 _n0
999 _c102309
_d102309